书目信息 |
| 题名: |
刘禹锡研究
|
|
| 作者: | 戴伟华 主编 | |
| 分册: | 第三辑 | |
| 出版信息: | 广州 暨南大学出版社 2021.08 |
|
| 页数: | 460页 | |
| 开本: | 24cm | |
| 丛书名: | ||
| 单 册: | ||
| 中图分类: | K825.6=424 , I207.227.424 , K825.6 | |
| 科图分类: | ||
| 主题词: | 诗人--shi ren--人物研究--中国--唐代 | |
| 电子资源: | ||
| ISBN: | 978-7-5668-3134-7 | |
| 000 | 01286nam0 2200277 450 | |
| 001 | 25646 | |
| 005 | 20220921105806.51 | |
| 010 | @a978-7-5668-3134-7@dCNY108.00 | |
| 100 | @a20211201d2021 em y0chiy50 ea | |
| 101 | 0 | @achi |
| 102 | @aCN@b440000 | |
| 105 | @aa a 000yd | |
| 200 | 1 | @a刘禹锡研究@Aliu yu xi yan jiu@h第三辑@f主编戴伟华 |
| 210 | @a广州@c暨南大学出版社@d2021.08 | |
| 215 | @a460页@c图@d24cm | |
| 320 | @a有书目 | |
| 330 | @a本书稿为刘禹锡研究论文集, 论题主要围绕刘禹锡的诗赋、散文、政治与文学、理论与文本、地理批评、传播与接受、史实考辨、学术史等展开。本书所及论文的作者皆为国内外刘禹锡研究的著名专家, 分布在高校及相关研究院所, 在其研究成果中有关刘禹锡的研究动向及其见解、观点、研究方法等, 对于研究刘禹锡的后学具有一定的借鉴和指导意义。另, 《刘禹锡研究》一二辑均在我社出版。各篇论文整体上体现出作者探求真理、切磋学术的治学精神, 其中不乏真知灼见。该文集的出版对学界持续进行刘禹锡研究有一定的促进作用。 | |
| 600 | 0 | @a刘禹锡,@Aliu yu xi@f772-843@x人物研究 |
| 600 | 0 | @a刘禹锡,@Aliu yu xi@f772-843@x唐诗@x诗歌研究 |
| 606 | 0 | @a诗人@Ashi ren@x人物研究@y中国@z唐代 |
| 690 | @aK825.6=424@v5 | |
| 690 | @aI207.227.424@v5 | |
| 690 | @aK825.6@v4 | |
| 701 | 0 | @a戴伟华@Adai wei hua@4主编 |
| 801 | 0 | @aCN@c20220910 |
| 905 | @a河南城建学院图书馆@dK825.6@eL717@f1 | |
| 刘禹锡研究.第三辑/主编戴伟华.-广州:暨南大学出版社,2021.08 |
| 460页:图;24cm |
| ISBN 978-7-5668-3134-7:CNY108.00 |
| 本书稿为刘禹锡研究论文集, 论题主要围绕刘禹锡的诗赋、散文、政治与文学、理论与文本、地理批评、传播与接受、史实考辨、学术史等展开。本书所及论文的作者皆为国内外刘禹锡研究的著名专家, 分布在高校及相关研究院所, 在其研究成果中有关刘禹锡的研究动向及其见解、观点、研究方法等, 对于研究刘禹锡的后学具有一定的借鉴和指导意义。另, 《刘禹锡研究》一二辑均在我社出版。各篇论文整体上体现出作者探求真理、切磋学术的治学精神, 其中不乏真知灼见。该文集的出版对学界持续进行刘禹锡研究有一定的促进作用。 |
| ● |
| 相关链接 |
|
|
|
正题名:刘禹锡研究
索取号:K825.6/L717
 
预约/预借
| 序号 | 登录号 | 条形码 | 馆藏地/架位号 | 状态 | 备注 |
| 1 | 1576488 | 215764885 | 社科库309/309社科库 52排1列6层/ [索取号:K825.6/L717] | 在馆 |